000 05453cam a22008534i 4500
003 PE-LiUPU
005 20250731173059.0
008 150623s2001 ag rb 000 0 spa d
020 _a9505738153
_q(tapa dura)
020 _a9789505738151
_q(tapa dura)
020 _a950573834X
_q(tapa blanda)
035 _a(Sirsi) a24476
040 _aPE-LiUPU
_bspa
_cPE-LiUPU
_erda
041 1 _aeng
_hspa
049 _aPRUA
082 0 4 _a286.7
_bA82M
_220
082 0 4 _a286.7
_bA81
_220
082 0 4 _a286.7
_bA79
_220
110 2 _aAsociación General de la Iglesia Adventista del 7º Día.
245 0 0 _aManual de la iglesia /
_ceditado por la Asociación General de la Iglesia Adventista del 7º Día.
264 1 _aBuenos Aires :
_bAsociación Casa Editora Sudamericana,
_c2001.
300 _a244 páginas ;
_c20 centímetros
336 _atext
_2rdacontent
337 _aunmediated
_2rdamedia
338 _avolume
_2rdacarrier
505 0 _aManual de la iglesia -- Autoridad de la iglesia -- La iglesia del Dios viviente -- Creencias fundamentales de los Adventistas del Séptimo Día -- La organización eclesiástica se funda en principios divinos -- Sistema organizacional de la iglesia adventista del séptimo día -- Miembros de la iglesia -- Los dirigentes de la iglesia y sus deberes -- Los cultos y las reuniones de la iglesia -- Órganos auxiliares de la iglesia y sus dirigentes -- Los ministros y obreros en relación con la iglesia -- Las elecciones en la iglesia local -- Finanzas evangélicas -- Normas de vida cristiana -- Disciplina eclesiástica -- Matrimonio, divorcio y nuevo casamiento -- Como organizar, unir y disolver iglesias -- El púlpito no es un foro.
526 _aSEG42
526 _aSEG41
526 _aSEG40
526 _aSEG39
526 _aP94
526 _aP87
526 _aP86
526 _aP85
526 _aP77
526 _aP76
526 _aP35
534 _pTítulo original :
_tSeventh-day Adventist Church Manual.
610 2 _aIASD
_vManuales
610 2 _aIASD
_xOrganización.
910 _btqv
_cwelc
_d20170424
910 _agavs
_d20181106
942 _2ddc
_cBOOK
994 _aC0
_bPEPRU
596 _a1 2 3 4
999 _a286.7 A82M 2001
_wDEWEY
_c27958
_i48797
_d27958
_e2018-8-20
_f2021-11-11
_g7
_lCCODEBUL1
_mBUL
_n2
_p15.00
_r0
_sY
_tBOOK
_u2015-6-24
_xTEOLOGIA
_PP35
_0COMPRA
_o.STAFF. Colección Teología
999 _a286.7 A82M 2001
_wDEWEY
_c2
_i48798
_d2018-11-27
_e2018-11-27
_f2021-11-11
_g7
_lCCODEBUL1
_mBUL
_n1
_r0
_sY
_tBOOK
_u2015-6-24
_xTEOLOGIA
_zUNKNOWN
_0COMPRA
_o.STAFF. Colección General
999 _a286.7 A82M 2001
_wDEWEY
_c3
_i48799
_d2018-11-26
_e2016-10-30
_f2021-11-11
_g7
_lCCODEBUL1
_mBUL
_n1
_p15.00
_q2
_r0
_sY
_tBOOK
_u2015-6-24
_xTEOLOGIA
_PP35
_0COMPRA
_o.STAFF. Colección Teología
999 _a286.7 A82M 2001
_wDEWEY
_c4
_i48800
_lLOST
_mBUL
_r1
_sY
_tBOOK
_u2015-6-24
_xBIBLIOTECA
_zUNKNOWN
_0COMPRA
_o.STAFF. Colección General
999 _a286.7 A82M 2001
_wDEWEY
_c5
_i43405
_lLOST
_mBUL
_r1
_sY
_tBOOK
_u2015-6-24
_xBIBLIOTECA
_zUNKNOWN
_0COMPRA
_o.STAFF. Colección General
999 _a286.7 A82M 2001
_wDEWEY
_c6
_i52941
_d2019-10-14
_e2019-10-14
_f2019-12-11
_g6
_lREPAIR
_mBUL
_n11
_p12.00
_q4
_r0
_sY
_tBOOK
_u2015-6-24
_xTEOLOGIA
_PP35
_0COMPRA
_o.STAFF. Colección Teología
999 _a286.7 A82M 2001
_wDEWEY
_c7
_i48794
_d2018-9-18
_e2018-9-13
_f2021-11-11
_g7
_lCCODEBUL1
_mBUL
_n4
_p12.00
_q1
_r0
_sY
_tBOOK
_u2015-6-24
_xTEOLOGIA
_zUNKNOWN
_0COMPRA
_o.STAFF. Colección Teología
999 _a286.7 A82M 2001
_wDEWEY
_c8
_i48795
_d2019-5-24
_e2017-11-15
_f2019-12-11
_g6
_lREPAIR
_mBUL
_n5
_p12.00
_q2
_r0
_sY
_tBOOK
_u2015-6-24
_xTEOLOGIA
_PP35
_0COMPRA
_o.STAFF. Colección Teología
999 _a286.7 A82M 2001
_wDEWEY
_c9
_i48796
_d2018-7-12
_e2016-3-31
_f2021-11-11
_g7
_lCCODEBUL1
_mBUL
_n1
_p15.00
_q2
_r0
_sY
_tBOOK
_u2015-6-24
_xTEOLOGIA
_PP35
_0COMPRA
_o.STAFF. Colección Teología
999 _a286.7 A81 2001
_wDEWEY
_c1
_iFJ07695
_d2017-8-25
_e2017-8-23
_f2022-2-4
_g4
_lCCODEBUJ1
_mBUJ
_n1
_p12.00
_r0
_sY
_tBOOK
_u2017-4-24
_xBIBLIOTECA
_zUNKNOWN
_0COMPRA
_o.STAFF. Colección General Juliaca
999 _a286.7 A81 2001
_wDEWEY
_c2
_iFJ09292
_f2022-2-4
_g4
_lCCODEBUJ1
_mBUJ
_p12.00
_r0
_sY
_tBOOK
_u2017-11-21
_xBIBLIOTECA
_zUNKNOWN
_0COMPRA
_o.STAFF. Colección General Juliaca
999 _a286.732 A79 2000
_wDEWEY
_c1
_iCW25284
_f2021-12-22
_g2
_lCCODECWL1
_mBWL
_p10.00
_r0
_sY
_tBOOK
_u2016-7-20
_xWHITE
_zUNKNOWN
_0COMPRA
_o.STAFF. Centro White
999 _a286.7 A81 2001
_wDEWEY
_c1
_iFT01154
_f2019-2-20
_g1
_lCCODEBUT1
_mBUT
_p15.00
_r0
_sY
_tBOOK
_u2018-11-6
_xBIBLIOTECA
_zUNKNOWN
_0DONACION
_1FCOMPR2
_o.STAFF. Colección General Tarapoto
999 _a286.7 A82M 2010
_wDEWEY
_c1
_i80406
_d2019-11-18
_e2019-11-15
_f2019-12-11
_g2
_lCCODEBUL1
_mBUL
_n2
_p20.00
_q1
_r0
_sY
_tBOOK
_u2019-7-18
_xUNKNOWN
_PP35
_0DONACION
_o.STAFF. Colección Teología
980 _81
_gALBERTO SANCHEZ Responsable de Automatización